000 00299nam a22001337a 4500
008 170828b xxu||||| |||| 00| 0 eng d
020 _ax0008mmd1p
041 _aeng
080 _a070
100 _a39
101 _aMED
245 _aINSIDE COMMUNICATION REVOLUTION
_cMANSELL.R
942 _2udc
_cBK
999 _c25145
_d25145